00449nam a2200121Ia 4500008004100000024006000041082001800101100007600119245003900195260002600234600003400260650003300294260210s9999 xx 000 0 und d a05B-059-TE, 05B-021-TE, 05B-032-TE & 05B-039-TE a621.38072 KHA aUmair Ather Ali Khan, Faraz Ahmed, Syed Tanveer Ahmed & Qaiser Khan 0aRFID Based Location Identification aKarachi:bUITU,c2005 aTelecommunication Engineering aBachelor of Engineering (BE)